000
00329nam a2200133Ia 4500
005
20251222143144.0
008
251222s9999||||xx |||||||||||||| ||spa||
020
_a
968-24-6326-2
082
_a
371.26/L87
100
_a
López frías, Blanca Silvia
245
0
_a
Evaluación del Aprendizaje:
264
_b
Trillas
942
_c
LIB
999
_c
12434
_d
12434